[Event "CZE-chT1W 1213"]
[Site "Czech Republic"]
[Date "2013.03.17"]
[Round "9.8"]
[White "Vacek, Miroslav"]
[Black "Reznicek, Tomas"]
[Result "0-1"]
[WhiteElo "2043"]
[BlackElo "2253"]
[PlyCount "222"]
[EventDate "2012.10.28"]
[EventType "team-tourn"]
[EventRounds "11"]
[EventCountry "CZE"]
[SourceTitle "EXT 2014"]
[Source "ChessBase"]
[SourceDate "2013.11.20"]
[SourceVersion "1"]
[SourceVersionDate "2013.11.20"]
[SourceQuality "1"]
[WhiteTeam "Ceske Budejovice"]
[BlackTeam "Pankrac"]
[WhiteTeamCountry "CZE"]
[BlackTeamCountry "CZE"]

1. d4 Nf6 2. Nc3 d5 3. Bg5 Nbd7 4. e3 h6 5. Bh4 e6 6. Bd3 Be7 7. Bg3 a6 8. Nf3 c5 9. 0-0 b5 10. dxc5 Nxc5 11. a3 0-0 12. Qe2 Bb7 13. Rfd1 Qb6 14. h3 Rfc8 15. Na2 Bc6 16. c3 Nfe4 17. Bh2 Nxd3 18. Qxd3 a5 19. Nd2 Nd6 20. Qd4 Qd8 21. Qg4 Bd7 22. Qe2 Ra6 23. Nf3 Nc4 24. Ne5 Nxe5 25. Bxe5 Qe8 26. Bg3 Bc6 27. Nc1 f6 28. Nb3 e5 29. Nc1 Ra7 30. Nd3 Ba8 31. Ne1 Qc6 32. f3 Rd7 33. Nc2 Rcd8 34. Bf2 Bc5 35. Rac1 Bb7 36. Kh1 Ba6 37. Nb4 Qa8 38. Nxa6 Qxa6 39. e4 Bxf2 40. Qxf2 dxe4 41. Rxd7 Rxd7 42. fxe4 Qc6 43. Re1 a4 44. Kh2 Rd3 45. Qc2 Qc4 46. Qf2 Rd8 47. Qc2 Qd3 48. Re2 Qd1 49. Qxd1 Rxd1 50. Rc2 Kf7 51. Kg3 Ke6 52. Kf3 g6 53. Ke2 Rd6 54. c4 bxc4 55. Rxc4 Rd4 56. Rc6+ Ke7 57. Ke3 h5 58. Rb6 h4 59. b3 axb3 60. Rxb3 f5 61. exf5 gxf5 62. Rb6 Ra4 63. Rb3 Kd6 64. Kf3 Rf4+ 65. Ke3 Kc5 66. Rc3+ Kd5 67. Rc8 Ra4 68. Rc3 Re4+ 69. Kf2 Rd4 70. Ke3 Ra4 71. Kd3 f4 72. Rb3 e4+ 73. Kd2 Kd4 74. Rb8 Rxa3 75. Rd8+ Ke5 76. Rc8 Kd5 77. Rd8+ Kc6 78. Rf8 Ra2+ 79. Ke1 Kd5 80. Rxf4 Kd4 81. Rxh4 Ke3 82. Kd1 Kd3 83. Kc1 Rxg2 84. Rh8 Rc2+ 85. Kd1 Rh2 86. Rd8+ Ke3 87. Ra8 Rh1+ 88. Kc2 Kf3 89. Kd2 Rh2+ 90. Ke1 Rxh3 91. Rf8+ Ke3 92. Rf1 Rh2 93. Rg1 Kd3 94. Rg8 Rh1+ 95. Kf2 e3+ 96. Kg2 Rh7 97. Rd8+ Ke2 98. Rg8 Rf7 99. Rg6 Ke1 100. Ra6 Rf2+ 101. Kg3 Rd2 102. Kf3 e2 103. Ra1+ Rd1 104. Ra2 Rd3+ 105. Kg2 Rd8 106. Ra1+ Kd2 107. Ra2+ Ke3 108. Ra3+ Rd3 109. Ra1 Rd1 110. Ra3+ Kd4 111. Ra4+ Kc5 0-1

[Event "CZE-chT1E 1213"]
[Site "Czech Republic"]
[Date "2013.02.24"]
[Round "8.7"]
[White "Bazant, Petr Sr"]
[Black "Reznicek, Tomas"]
[Result "1/2-1/2"]
[WhiteElo "2266"]
[BlackElo "2253"]
[PlyCount "125"]
[EventDate "2012.10.21"]
[EventType "team-tourn"]
[EventRounds "11"]
[EventCountry "CZE"]
[SourceTitle "EXT 2014"]
[Source "ChessBase"]
[SourceDate "2013.11.20"]
[SourceVersion "1"]
[SourceVersionDate "2013.11.20"]
[SourceQuality "1"]
[WhiteTeam "Stare Mesto"]
[BlackTeam "Kromeriz"]
[WhiteTeamCountry "CZE"]
[BlackTeamCountry "CZE"]

1. d4 Nf6 2. c4 g6 3. Nc3 Bg7 4. e4 d6 5. f3 0-0 6. Be3 e5 7. d5 c6 8. Qd2 cxd5 9. cxd5 Bd7 10. Bd3 Qa5 11. Nge2 Rc8 12. a3 Be8 13. 0-0 a6 14. b4 Qd8 15. Qe1 a5 16. Qf2 axb4 17. axb4 Rxa1 18. Rxa1 Nbd7 19. Ra7 Rb8 20. Nb5 Bf8 21. Nec3 Nh5 22. g3 Ng7 23. Na4 Ra8 24. Bd2 Qb8 25. Rxa8 Qxa8 26. Qa7 Qxa7+ 27. Nxa7 f5 28. Nc8 fxe4 29. fxe4 Nf6 30. b5 Bd7 31. Ncb6 Nge8 32. Nc3 Kf7 33. Nc4 Ng8 34. Na5 Bc8 35. Na4 Ke7 36. b6 Bh6 37. Bxh6 Nxh6 38. Nc3 Nf6 39. Bb5 Nf7 40. h4 Nd8 41. Kg2 Nd7 42. Bxd7 Bxd7 43. Kf3 Kf6 44. Nc4 Nf7 45. g4 h6 46. Kg3 Be8 47. Na3 Ke7 48. Nab5 Bxb5 49. Nxb5 Kd7 50. Nc3 Ke7 51. Nd1 Kf6 52. Ne3 Ke7 53. Kf3 Kd7 54. Nf1 Ke7 55. Ng3 Kd7 56. h5 g5 57. Nf5 Kd8 58. Ke3 Kd7 59. Kd3 Kd8 60. Kc4 Kd7 61. Kb5 Kd8 62. Ne3 Kd7 63. Nc4 1/2-1/2

[Event "CZE-chT1W 1112"]
[Site "Czech Republic"]
[Date "2011.12.11"]
[Round "5.6"]
[White "Indrak, Igor"]
[Black "Reznicek, Tomas"]
[Result "0-1"]
[WhiteElo "2197"]
[BlackElo "2242"]
[PlyCount "62"]
[EventDate "2011.10.02"]
[EventType "team-tourn"]
[EventRounds "11"]
[EventCountry "CZE"]
[SourceTitle "EXT 2013"]
[Source "ChessBase"]
[SourceDate "2012.11.22"]
[SourceVersion "1"]
[SourceVersionDate "2012.11.22"]
[SourceQuality "1"]
[WhiteTeam "Jicin"]
[BlackTeam "Pankrac"]
[WhiteTeamCountry "CZE"]
[BlackTeamCountry "CZE"]

1. d4 d5 2. Nf3 Bf5 3. e3 e6 4. Bd3 Bg6 5. Qe2 Nf6 6. Nbd2 c6 7. 0-0 Be7 8. e4 0-0 9. Re1 Qb6 10. c3 Rc8 11. e5 Bxd3 12. Qxd3 Nfd7 13. Nf1 c5 14. Bg5 Bf8 15. Re2 Nc6 16. Be3 cxd4 17. Bxd4 Qd8 18. Rae1 Rab8 19. Qe3 Be7 20. N3d2 Nxd4 21. Qxd4 b5 22. Qd3 Nc5 23. Qb1 Qb6 24. Nf3 Ne4 25. N1d2 Nxd2 26. Rxd2 b4 27. Qd3 Qa5 28. Ra1 bxc3 29. bxc3 Rxc3 30. Qe2 Rbc8 31. Rad1 R3c4 0-1

[Event "CZE-chT2E 1011"]
[Site "Czech Republic"]
[Date "2011.04.10"]
[Round "11.5"]
[White "Svanda, Josef"]
[Black "Reznicek, Tomas"]
[Result "1-0"]
[WhiteElo "2089"]
[BlackElo "2252"]
[PlyCount "57"]
[EventDate "2010.10.17"]
[EventType "team-tourn"]
[EventRounds "11"]
[EventCountry "CZE"]
[SourceTitle "EXT 2012"]
[Source "ChessBase"]
[SourceDate "2011.11.24"]
[SourceVersion "1"]
[SourceVersionDate "2011.11.24"]
[SourceQuality "1"]
[WhiteTeam "Znojmo"]
[BlackTeam "Kromeriz"]
[WhiteTeamCountry "CZE"]
[BlackTeamCountry "CZE"]

1. e4 e5 2. Nf3 Nc6 3. Bb5 a6 4. Ba4 Nf6 5. 0-0 Be7 6. Re1 b5 7. Bb3 d6 8. a4 Na5 9. Ba2 c5 10. c3 0-0 11. d3 Bd7 12. axb5 axb5 13. Be3 c4 14. Nbd2 Qc7 15. Qe2 Rac8 16. Rec1 Ng4 17. b4 cxd3 18. Qxd3 Nxe3 19. Qxe3 Nc6 20. Nf1 Kh8 21. Bd5 f6 22. Nh4 Ra8 23. Ng3 Rxa1 24. Rxa1 Be8 25. Ngf5 Bd8 26. Ra6 Qb7 27. Rxc6 Qa8 28. g4 g5 29. Rxd6 1-0

[Event "CZE-chT1W 0910"]
[Site "Czech Republic"]
[Date "2010.01.24"]
[Round "7.7"]
[White "Netusil, Miloslav"]
[Black "Reznicek, Tomas"]
[Result "1-0"]
[WhiteElo "2267"]
[BlackElo "2272"]
[PlyCount "71"]
[EventDate "2009.10.11"]
[EventType "team-tourn"]
[EventRounds "11"]
[EventCountry "CZE"]
[SourceTitle "EXT 2011"]
[Source "ChessBase"]
[SourceDate "2010.11.26"]
[SourceVersion "1"]
[SourceVersionDate "2010.11.26"]
[SourceQuality "1"]
[WhiteTeam "Vysehrad"]
[BlackTeam "Praha Pankrac"]
[WhiteTeamCountry "CZE"]
[BlackTeamCountry "CZE"]

1. d4 d5 2. c4 Bf5 3. Nc3 e6 4. Nf3 Nf6 5. Bg5 c6 6. Qb3 Qb6 7. c5 Qxb3 8. axb3 Na6 9. Ra4 Nc7 10. e3 a6 11. Bf4 Rc8 12. Be2 Be7 13. Ne5 Nd7 14. g4 Bc2 15. Kd2 Bg6 16. Nxd7 Kxd7 17. Raa1 Rce8 18. h4 f6 19. b4 Bd8 20. h5 Bf7 21. Na4 Na8 22. Nc3 e5 23. Bg3 Nc7 24. Na4 Na8 25. Nc3 e4 26. b5 cxb5 27. Nxb5 Bc7 28. Bxc7 Nxc7 29. Nd6 Ref8 30. Nxb7 Rb8 31. Rhc1 Ke7 32. c6 Be6 33. Rc2 Ra8 34. b4 Rhb8 35. Rca2 Ra7 36. b5 1-0

[Event "CZE-chT1E 0910"]
[Site "Czech Republic"]
[Date "2009.12.13"]
[Round "5.5"]
[White "Reznicek, Tomas"]
[Black "Kuchynka, Lukas"]
[Result "0-1"]
[WhiteElo "2272"]
[BlackElo "2317"]
[PlyCount "125"]
[EventDate "2009.11.15"]
[EventType "team-tourn"]
[EventRounds "11"]
[EventCountry "CZE"]
[SourceTitle "EXT 2011"]
[Source "ChessBase"]
[SourceDate "2010.11.26"]
[SourceVersion "1"]
[SourceVersionDate "2010.11.26"]
[SourceQuality "1"]
[WhiteTeam "Kromeriz"]
[BlackTeam "Litovel"]
[WhiteTeamCountry "CZE"]
[BlackTeamCountry "CZE"]

1. e4 e5 2. Nf3 Nc6 3. Bb5 a6 4. Ba4 Nf6 5. 0-0 Be7 6. Bxc6 dxc6 7. d3 Nd7 8. b3 c5 9. Bb2 Bd6 10. a4 0-0 11. Nbd2 f6 12. Nc4 Nb8 13. Nh4 Nc6 14. Nf5 Be6 15. a5 Qd7 16. Nfxd6 cxd6 17. Nb6 Qc7 18. Nxa8 Rxa8 19. Qd2 d5 20. exd5 Bxd5 21. Bc3 Rd8 22. Qe2 Ne7 23. Rae1 Ng6 24. Bd2 Bc6 25. f3 Rd5 26. Qf2 Qd8 27. Re4 Rd4 28. Rxd4 cxd4 29. Re1 Qd6 30. Re2 Qc5 31. c3 Qxa5 32. cxd4 Qa1+ 33. Re1 Qb2 34. dxe5 Nxe5 35. Qe3 Qxb3 36. d4 Qxe3+ 37. Bxe3 Nc4 38. Kf2 Kf7 39. Ke2 a5 40. Bd2 b5 41. Kd3 Bd5 42. Ra1 a4 43. Rb1 Nb6 44. Bb4 Bc4+ 45. Kd2 Nd5 46. Bc5 g5 47. h4 h6 48. hxg5 hxg5 49. g3 Ke6 50. Rh1 b4 51. Bxb4 Nxb4 52. Kc3 Bd5 53. Kxb4 Bxf3 54. Rf1 Be4 55. Kc5 f5 56. Re1 g4 57. d5+ Kd7 58. d6 Kd8 59. Kd4 Bc2 60. Ke5 Bb3 61. Re3 Bc2 62. Rc3 Be4 63. Rc4 0-1

[Event "CZE-chT1E 0910"]
[Site "Czech Republic"]
[Date "2009.11.15"]
[Round "1.6"]
[White "Reznicek, Tomas"]
[Black "Sikorova, Olga"]
[Result "0-1"]
[WhiteElo "2272"]
[BlackElo "2269"]
[PlyCount "78"]
[EventDate "2009.11.15"]
[EventType "team-tourn"]
[EventRounds "11"]
[EventCountry "CZE"]
[SourceTitle "EXT 2011"]
[Source "ChessBase"]
[SourceDate "2010.11.26"]
[SourceVersion "1"]
[SourceVersionDate "2010.11.26"]
[SourceQuality "1"]
[WhiteTeam "Kromeriz"]
[BlackTeam "Trinec"]
[WhiteTeamCountry "CZE"]
[BlackTeamCountry "CZE"]

1. e4 c5 2. Nf3 g6 3. c3 Nf6 4. d3 d6 5. Nbd2 Bg7 6. Be2 0-0 7. 0-0 Nc6 8. Re1 b6 9. b3 Qc7 10. Bb2 d5 11. a3 Bb7 12. Bf1 dxe4 13. dxe4 Rad8 14. Qc2 Ng4 15. g3 Nge5 16. Rad1 Rd7 17. Be2 Rfd8 18. Nxe5 Nxe5 19. Nf3 Rxd1 20. Rxd1 Rxd1+ 21. Bxd1 f5 22. Nd2 Qd7 23. c4 fxe4 24. Be2 Nf3+ 25. Nxf3 exf3 26. Bf1 Bxb2 27. Qxb2 Qd4 28. Qc1 Kg7 29. b4 h6 30. h4 e5 31. Qe1 Kf6 32. Qc1 g5 33. hxg5+ hxg5 34. Bh3 Be4 35. bxc5 bxc5 36. Qe1 Bf5 37. Bf1 e4 38. Kh2 Be6 39. Bh3 Bxh3 0-1

[Event "CZE-chT1W 0910"]
[Site "Czech Republic"]
[Date "2009.11.01"]
[Round "2.7"]
[White "Reznicek, Tomas"]
[Black "Jinova, Lucie"]
[Result "0-1"]
[WhiteElo "2272"]
[BlackElo "2149"]
[PlyCount "44"]
[EventDate "2009.10.11"]
[EventType "team-tourn"]
[EventRounds "11"]
[EventCountry "CZE"]
[SourceTitle "EXT 2011"]
[Source "ChessBase"]
[SourceDate "2010.11.26"]
[SourceVersion "1"]
[SourceVersionDate "2010.11.26"]
[SourceQuality "1"]
[WhiteTeam "Praha Pankrac"]
[BlackTeam "Novoborsky II"]
[WhiteTeamCountry "CZE"]
[BlackTeamCountry "CZE"]

1. e4 e6 2. d4 d5 3. Nd2 Nf6 4. e5 Nfd7 5. c3 c5 6. Bd3 Nc6 7. Ne2 cxd4 8. cxd4 f6 9. exf6 Nxf6 10. Nf3 Bd6 11. 0-0 0-0 12. Nc3 e5 13. dxe5 Nxe5 14. Nxe5 Bxe5 15. h3 Bc7 16. Re1 Qd6 17. g3 Bxh3 18. Nb5 Qd7 19. Nxc7 Qxc7 20. Qb3 Qf7 21. Bf4 Nh5 22. Be3 Qf3 0-1

[Event "CZE-chT1W 0809"]
[Site "Czech Republic"]
[Date "2009.01.18"]
[Round "6.5"]
[White "Reznicek, Tomas"]
[Black "Jaros, Martin"]
[Result "1-0"]
[WhiteElo "2262"]
[BlackElo "2230"]
[PlyCount "73"]
[EventDate "2008.10.19"]
[EventType "team-tourn"]
[EventRounds "11"]
[EventCountry "CZE"]
[SourceTitle "EXT 2010"]
[Source "ChessBase"]
[SourceDate "2010.11.25"]
[SourceVersion "1"]
[SourceVersionDate "2010.11.25"]
[SourceQuality "1"]
[WhiteTeam "Praha Pankrac"]
[BlackTeam "Plzen"]
[WhiteTeamCountry "CZE"]
[BlackTeamCountry "CZE"]

1. e4 e5 2. Nf3 Nc6 3. Bb5 a6 4. Ba4 Nf6 5. 0-0 b5 6. Bb3 Nxe4 7. Re1 d5 8. d3 Nf6 9. Bg5 Be6 10. Nxe5 Nxe5 11. Rxe5 Be7 12. Nd2 0-0 13. Nf1 Qd7 14. d4 Rfe8 15. f3 c6 16. Qd2 h6 17. Bf4 Bd6 18. Re2 Bf5 19. Rae1 Bg6 20. Be5 Bxe5 21. dxe5 Qa7+ 22. Kh1 Nd7 23. c3 Nc5 24. Bc2 Bxc2 25. Qxc2 Ne6 26. Ng3 c5 27. Nf5 Red8 28. Rd2 Rd7 29. Nd6 d4 30. Qf5 Qb6 31. cxd4 cxd4 32. Rc1 Rad8 33. Rdc2 Nf8 34. b4 Ng6 35. Rc6 Qb8 36. Rc8 Qb6 37. Qxd7 1-0

[Event "CZE-chT1W 0708"]
[Site "Czech Republic"]
[Date "2008.01.20"]
[Round "6.5"]
[White "Novy, Daniel"]
[Black "Reznicek, Tomas"]
[Result "1/2-1/2"]
[WhiteElo "2086"]
[BlackElo "2253"]
[PlyCount "61"]
[EventDate "2007.10.28"]
[EventType "team"]
[EventRounds "11"]
[EventCountry "CZE"]
[SourceTitle "EXT 2009"]
[Source "ChessBase"]
[SourceDate "2008.11.26"]
[SourceVersion "1"]
[SourceVersionDate "2008.11.26"]
[SourceQuality "1"]
[WhiteTeam "Karlovy Vary"]
[BlackTeam "Praha Pankrac"]
[WhiteTeamCountry "CZE"]
[BlackTeamCountry "CZE"]

1. e4 Nf6 2. Bc4 c6 3. e5 Nd5 4. Nc3 Nxc3 5. bxc3 d6 6. d4 dxe5 7. Qh5 e6 8. Qxe5 Nd7 9. Qe2 Bd6 10. Nf3 Nb6 11. Bd3 Nd5 12. Bd2 Nf4 13. Bxf4 Bxf4 14. 0-0 Qa5 15. c4 Qh5 16. g3 Bc7 17. Rfe1 0-0 18. Ne5 Qxe2 19. Rxe2 Rd8 20. Rd1 f6 21. Nf3 Ba5 22. Re3 Bd7 23. Nd2 Bxd2 24. Rxd2 b6 25. Rde2 Re8 26. f4 Rad8 27. Be4 Kf7 28. Kf2 h6 29. h4 f5 30. Bf3 Kf6 31. Re5 1/2-1/2

[Event "CZE-chT1 East 0506"]
[Site "Czech Republic"]
[Date "2005.12.11"]
[Round "4.4"]
[White "Reznicek, Tomas"]
[Black "Smajzr, Martin"]
[Result "1/2-1/2"]
[WhiteElo "2278"]
[BlackElo "2154"]
[PlyCount "85"]
[EventDate "2005.10.23"]
[EventType "team"]
[EventRounds "11"]
[EventCountry "CZE"]
[SourceTitle "EXT 2008"]
[Source "ChessBase"]
[SourceDate "2007.11.25"]
[SourceVersion "1"]
[SourceVersionDate "2007.11.25"]
[SourceQuality "1"]

1. e4 e5 2. Nf3 Nf6 3. Nxe5 d6 4. Nf3 Nxe4 5. d3 Nf6 6. d4 d5 7. Bd3 Be7 8. 0-0 0-0 9. Re1 c5 10. Nbd2 Nc6 11. dxc5 Bxc5 12. Nb3 Bb6 13. c3 Bg4 14. Be3 Re8 15. Bxb6 Qxb6 16. Be2 Re7 17. Nfd4 Nxd4 18. cxd4 Rae8 19. f3 Bd7 20. Qd2 Bb5 21. Bf1 Bxf1 22. Rxe7 Rxe7 23. Rxf1 Qd6 24. Nc5 b6 25. Nd3 Rc7 26. Rc1 h6 27. b3 Ne8 28. Qe1 Rxc1 29. Qxc1 Nc7 30. Qf4 Qxf4 31. Nxf4 Kf8 32. Kf2 Ke7 33. Ke3 Kd6 34. Nd3 f6 35. Nf4 Ke7 36. Kd3 g5 37. Ne2 h5 38. f4 Ke6 39. Ke3 Kf5 40. Ng3+ Kg4 41. Ne2 Kf5 42. Ng3+ Kg4 43. Ne2 1/2-1/2

[Event "MOR-chT2M 0203"]
[Site "Moravia"]
[Date "2002.10.13"]
[Round "1"]
[White "Adamcik, Martin"]
[Black "Reznicek, Tomas"]
[Result "1/2-1/2"]
[WhiteElo "2155"]
[BlackElo "2328"]
[PlyCount "88"]
[EventDate "2002.10.??"]
[EventType "team"]
[EventRounds "11"]
[EventCountry "CZE"]
[SourceTitle "EXT 2006"]
[Source "ChessBase"]
[SourceDate "2005.11.24"]
[SourceVersion "1"]
[SourceVersionDate "2005.11.24"]
[SourceQuality "1"]

1. Nf3 Nf6 2. c4 g6 3. g3 Bg7 4. Bg2 0-0 5. 0-0 c6 6. d4 d6 7. Nc3 Qa5 8. h3 Be6 9. d5 cxd5 10. Nd4 Bd7 11. cxd5 Rc8 12. e4 Be8 13. Re1 Nbd7 14. f4 Rxc3 15. Bd2 Nc5 16. Bxc3 Qb6 17. a4 e5 18. dxe6 Nxe6 19. Kh2 Nxd4 20. Bxd4 Qxd4 21. Qxd4 Ng4+ 22. hxg4 Bxd4 23. Red1 Bc5 24. g5 a5 25. b3 Rb8 26. Rac1 b6 27. Bf1 Bc6 28. Bd3 Kg7 29. Re1 h6 30. gxh6+ Kxh6 31. Bc4 Kg7 32. Bd5 Bd7 33. Kg2 Bg4 34. Rh1 Re8 35. Rh4 f5 36. Rxg4 fxg4 37. Rh1 Bd4 38. Rh4 Rc8 39. Bc4 Re8 40. Bd5 Rc8 41. Rxg4 Rc2+ 42. Kh3 Bf6 43. e5 dxe5 44. fxe5 Bxe5 1/2-1/2

[Event "CZE-chT2 0102"]
[Site "Czech Republic"]
[Date "2002.03.17"]
[Round "11.3"]
[White "Reznicek, Tomas"]
[Black "Novak, Pavel"]
[Result "0-1"]
[WhiteElo "2324"]
[BlackElo "2237"]
[PlyCount "120"]
[EventDate "2001.10.??"]
[EventType "team"]
[EventRounds "11"]
[EventCountry "CZE"]
[SourceTitle "EXT 2006"]
[Source "ChessBase"]
[SourceDate "2005.11.24"]
[SourceVersion "1"]
[SourceVersionDate "2005.11.24"]
[SourceQuality "1"]

1. e4 e5 2. Nf3 Nf6 3. Nxe5 d6 4. Nf3 Nxe4 5. d3 Nf6 6. d4 Bf5 7. Be2 d5 8. Bf4 Bd6 9. Bxd6 Qxd6 10. c3 Nbd7 11. 0-0 0-0 12. Nh4 Be4 13. Nd2 Rfe8 14. Nxe4 Nxe4 15. f3 Nef6 16. Qd2 Nf8 17. Bd3 Ne6 18. Rfe1 g6 19. Bf1 c5 20. dxc5 Qxc5+ 21. Qf2 d4 22. Rac1 dxc3 23. Rxc3 Qxf2+ 24. Kxf2 Red8 25. g3 Rd2+ 26. Re2 Rad8 27. Rc2 Rd1 28. Ng2 Nd4 29. Ne3 Nxe2 30. Nxd1 Nxg3 31. hxg3 Rxd1 32. Be2 Rd7 33. Bb5 Re7 34. Rc8+ Kg7 35. Bc4 h5 36. a3 b6 37. b3 Rd7 38. Ke3 g5 39. a4 h4 40. gxh4 gxh4 41. Bb5 Rc7 42. Rxc7 Nd5+ 43. Ke4 Nxc7 44. Bf1 Kf6 45. b4 Kg5 46. a5 bxa5 47. bxa5 Ne6 48. Ke3 Nf4 49. Kf2 Kf5 50. Bc4 Ne6 51. Kg2 Ng5 52. Bd5 Ke5 53. Bb7 f5 54. Kf2 f4 55. a6 Kd4 56. Ba8 h3 57. Bb7 h2 58. Kg2 Ke3 59. Kxh2 Nxf3+ 60. Kh3 Nd2 0-1

[Event "CZE-chT2 0102"]
[Site "Czech Republic"]
[Date "2002.01.19"]
[Round "7.2"]
[White "Hadraba, Vladimir"]
[Black "Reznicek, Tomas"]
[Result "0-1"]
[WhiteElo "2271"]
[BlackElo "2324"]
[PlyCount "72"]
[EventDate "2001.10.??"]
[EventType "team"]
[EventRounds "11"]
[EventCountry "CZE"]
[SourceTitle "EXT 2006"]
[Source "ChessBase"]
[SourceDate "2005.11.24"]
[SourceVersion "1"]
[SourceVersionDate "2005.11.24"]
[SourceQuality "1"]

1. Nf3 Nf6 2. c4 g6 3. Nc3 Bg7 4. e4 d6 5. d4 0-0 6. Be2 Nbd7 7. 0-0 e5 8. d5 Nc5 9. Qc2 a5 10. Ne1 Ne8 11. Nd3 b6 12. f4 exf4 13. Nxc5 bxc5 14. Bxf4 f5 15. exf5 Bxf5 16. Bd3 Bxd3 17. Qxd3 Rb8 18. b3 a4 19. bxa4 Qf6 20. Ne2 Qxa1 21. Rxa1 Bxa1 22. Bh6 Rf7 23. a5 Nf6 24. h3 Re7 25. Qd1 Be5 26. a6 Ree8 27. Bf4 Bb2 28. Kf1 Rb6 29. Qa4 Ra8 30. a7 Rb7 31. Qc6 Raxa7 32. Bxd6 cxd6 33. Qxd6 Rf7 34. Kg1 Nd7 35. Qe6 Rxa2 36. h4 Be5 0-1

[Event "CZE-chT2 0102"]
[Site "Czech Republic"]
[Date "2001.12.09"]
[Round "5.3"]
[White "Reznicek, Tomas"]
[Black "Hrbolka, Ladislav Jr"]
[Result "1-0"]
[WhiteElo "2324"]
[BlackElo "2197"]
[PlyCount "65"]
[EventDate "2001.10.??"]
[EventType "team"]
[EventRounds "11"]
[EventCountry "CZE"]
[SourceTitle "EXT 2006"]
[Source "ChessBase"]
[SourceDate "2005.11.24"]
[SourceVersion "1"]
[SourceVersionDate "2005.11.24"]
[SourceQuality "1"]

1. e4 c5 2. Nf3 d6 3. d4 cxd4 4. Nxd4 Nf6 5. Nc3 Nc6 6. Be3 e5 7. Nf3 Be7 8. Bc4 0-0 9. Qe2 Be6 10. 0-0 Rc8 11. Bb3 a6 12. Rad1 Bxb3 13. axb3 Qc7 14. Bg5 Nb4 15. Rd2 Nh5 16. Be3 g6 17. Rfd1 Nf4 18. Bxf4 exf4 19. Rd4 Nc6 20. Ra4 Rfe8 21. Nd5 Qb8 22. Nxf4 Bf6 23. c3 Bg7 24. Qd3 Qa7 25. Nd5 b5 26. Raa1 Qb7 27. b4 Ne5 28. Nxe5 Rxe5 29. f4 Ree8 30. Rf1 Rc4 31. Rae1 a5 32. bxa5 Qa7+ 33. Nb6 1-0

[Event "CZE-chT2 0102"]
[Site "Czech Republic"]
[Date "2001.11.04"]
[Round "2.3"]
[White "Kozak, Milos"]
[Black "Reznicek, Tomas"]
[Result "1/2-1/2"]
[WhiteElo "2226"]
[BlackElo "2324"]
[PlyCount "49"]
[EventDate "2001.10.??"]
[EventType "team"]
[EventRounds "11"]
[EventCountry "CZE"]
[SourceTitle "EXT 2006"]
[Source "ChessBase"]
[SourceDate "2005.11.24"]
[SourceVersion "1"]
[SourceVersionDate "2005.11.24"]
[SourceQuality "1"]

1. d4 Nf6 2. c4 g6 3. Nc3 Bg7 4. e4 d6 5. Nf3 0-0 6. Be2 Nbd7 7. 0-0 e5 8. Be3 Ng4 9. Bg5 f6 10. Bc1 c6 11. d5 Qc7 12. Rb1 Nh6 13. b4 Nf7 14. Ba3 c5 15. Nd2 a6 16. Bg4 cxb4 17. Bxb4 Bh6 18. Be6 Kg7 19. Na4 b5 20. cxb5 axb5 21. Nc3 Ba6 22. Bxd7 Qxd7 23. Nb3 Rfc8 24. Na5 f5 25. Qd3 1/2-1/2

[Event "CZE-chT2a 0001"]
[Site "Czech Republic"]
[Date "2001.??.??"]
[Round "6"]
[White "Mista, Ladislav"]
[Black "Reznicek, Tomas"]
[Result "0-1"]
[WhiteElo "2275"]
[BlackElo "2325"]
[PlyCount "76"]
[EventDate "2000.??.??"]
[EventType "team"]
[EventRounds "11"]
[EventCountry "CZE"]
[SourceTitle "EXT 2003"]
[Source "ChessBase"]
[SourceDate "2002.11.25"]
[SourceVersion "1"]
[SourceVersionDate "2002.11.25"]
[SourceQuality "1"]

1. d4 Nf6 2. c4 g6 3. Nc3 Bg7 4. e4 d6 5. Nf3 0-0 6. Be2 Nbd7 7. 0-0 e5 8. Re1 c6 9. Bf1 Re8 10. d5 Qc7 11. Qc2 a5 12. Rb1 Nc5 13. Be3 Ng4 14. Bxc5 dxc5 15. dxc6 bxc6 16. Na4 Bf8 17. Nd2 Rb8 18. b3 Nf6 19. Be2 Be6 20. Nf1 Rbd8 21. Rbd1 Rd4 22. Ng3 h5 23. Bf3 Nh7 24. Rxd4 cxd4 25. c5 Nf6 26. Be2 Bc8 27. Bc4 Nd7 28. Ne2 Qa7 29. Rc1 Bh6 30. Rf1 Nf6 31. f4 Ng4 32. fxe5 Be6 33. Bxe6 Rxe6 34. Nf4 Rxe5 35. Qd3 Qe7 36. Qg3 Rxe4 37. Nd3 Be3+ 38. Kh1 Nxh2 0-1

[Event "CZE-chT2a 0001"]
[Site "Czech Republic"]
[Date "2001.??.??"]
[Round "8"]
[White "Reznicek, Tomas"]
[Black "Zvara, Petr"]
[Result "1/2-1/2"]
[WhiteElo "2325"]
[BlackElo "2360"]
[PlyCount "133"]
[EventDate "2000.??.??"]
[EventType "team"]
[EventRounds "11"]
[EventCountry "CZE"]
[SourceTitle "EXT 2003"]
[Source "ChessBase"]
[SourceDate "2002.11.25"]
[SourceVersion "1"]
[SourceVersionDate "2002.11.25"]
[SourceQuality "1"]

1. e4 e5 2. Nf3 Nc6 3. Bb5 a6 4. Bxc6 dxc6 5. d4 exd4 6. Qxd4 Qxd4 7. Nxd4 Bd7 8. Nc3 g6 9. Bg5 h6 10. Be3 Bg7 11. 0-0-0 0-0-0 12. Nde2 Ne7 13. Bd4 Bxd4 14. Rxd4 c5 15. Rd2 Bc6 16. Rhd1 Rxd2 17. Rxd2 g5 18. Ng3 b6 19. f3 a5 20. Nd1 Bd7 21. Ne3 Be6 22. Nh5 Nc6 23. a3 Ne5 24. Rf2 Rd8 25. Ng7 Ng6 26. Nef5 Bxf5 27. Nxf5 h5 28. Rd2 Rh8 29. Ne3 Ne5 30. Kd1 h4 31. Ke2 Re8 32. Kf2 c6 33. Rd6 Kc7 34. Rh6 Rd8 35. Rh5 f6 36. Rh7+ Rd7 37. Rh8 a4 38. Ke2 b5 39. Rh6 Rf7 40. g3 hxg3 41. hxg3 Nd7 42. f4 gxf4 43. gxf4 Rg7 44. Rh1 Nf8 45. Kf3 c4 46. Ng4 Nd7 47. Rh6 Rf7 48. f5 Rf8 49. Rh7 Kd6 50. Kf4 Ne5 51. Nxe5 fxe5+ 52. Kf3 Rd8 53. c3 Kc5 54. Ke2 Rg8 55. Rd7 Rg2+ 56. Kf3 Rxb2 57. f6 Rb1 58. Kg4 Rf1 59. Kg5 b4 60. cxb4+ Kb6 61. Re7 c3 62. Rxe5 c2 63. Rc5 c1Q+ 64. Rxc1 Rxc1 65. f7 Rf1 66. Kg6 c5 67. bxc5+ 1/2-1/2

[Event "CZE-chT2a 0001"]
[Site "Czech Republic"]
[Date "2000.??.??"]
[Round "3"]
[White "Jedlicka, Ales"]
[Black "Reznicek, Tomas"]
[Result "1/2-1/2"]
[WhiteElo "2235"]
[BlackElo "2325"]
[PlyCount "72"]
[EventDate "2000.??.??"]
[EventType "team"]
[EventRounds "11"]
[EventCountry "CZE"]
[SourceTitle "EXT 2003"]
[Source "ChessBase"]
[SourceDate "2002.11.25"]
[SourceVersion "1"]
[SourceVersionDate "2002.11.25"]
[SourceQuality "1"]

1. d4 d5 2. c4 Bf5 3. Nc3 e6 4. Nf3 c6 5. Qb3 Qb6 6. c5 Qc7 7. Bf4 Qc8 8. Nh4 Be7 9. Nxf5 exf5 10. e3 Nf6 11. Be2 Nbd7 12. Qc2 Nf8 13. Bd3 g6 14. h3 Ne4 15. 0-0 Ne6 16. Be5 0-0 17. f3 Nf6 18. b4 a6 19. g4 f4 20. exf4 Nd7 21. f5 Nxe5 22. dxe5 Nf4 23. Ne2 Bg5 24. Rae1 Qd8 25. Nxf4 Bxf4 26. e6 Qh4 27. exf7+ Rxf7 28. fxg6 hxg6 29. Bxg6 Rf6 30. Bf5 Qxh3 31. Re7 Kf8 32. Rh7 Be3+ 33. Rf2 Qg3+ 34. Kf1 Re8 35. Rh8+ Ke7 36. Rh7+ Kf8 1/2-1/2